000 00300nam a22001337a 4500
008 170710b xxu||||| |||| 00| 0 eng d
020 _a9780122991004
041 _aeng
080 _23RD
_a61
100 _a4
101 _aSHM
245 _aPRIMER ON KIDNEY DISEASES
_cGREENBERG, A
942 _2udc
_cBK
999 _c20127
_d20127